000 00718cam a22002413a 4500
001 20771
003 PGUSA
005 20140828083437.0
008 070308s2007||||xxu|||||s|||||000 | eng d
040 _aPGUSA
_beng
042 _adc
050 4 _aQK
100 1 _aLinné, Carl von,
_d1707-1778
245 1 0 _aSpecies Plantarum :
_bSections I-III
_h[electronic resource] /
_cCarl von Linné
260 _bProject Gutenberg,
_c2007
506 _aPublic domain in the USA.
516 _aElectronic text
653 _aPlants -- Early works to 1800
653 _aPlants -- Classification -- Early works to 1800
830 0 _aProject Gutenberg
_v20771
856 4 0 _uhttp://www.gutenberg.org/ebooks/20771
942 _cEB
999 _c250026
_d250026